Big data (Record no. 116242)
[ view plain ]
| 000 -LEADER | |
|---|---|
| fixed length control field | 01078cam a22002535a 4500 |
| 001 - CONTROL NUMBER | |
| control field | L160130 |
| 008 - FIXED-LENGTH DATA ELEMENTS--GENERAL INFORMATION | |
| fixed length control field | 180724s2018 xxk f 000 0 eng d |
| 035 ## - SYSTEM CONTROL NUMBER | |
| System control number | (Sirsi) u160130 |
| 041 0# - LANGUAGE CODE | |
| Language code of text/sound track or separate title | eng |
| 100 1# - MAIN ENTRY--PERSONAL NAME | |
| Personal name | Konanahalli, Ashwini |
| 245 00 - TITLE STATEMENT | |
| Title | Big data |
| Remainder of title | A new revolution in the UK facilities management sector |
| Medium | [electronic resources] |
| 260 ## - PUBLICATION, DISTRIBUTION, ETC. | |
| Place of publication, distribution, etc. | London |
| Name of publisher, distributor, etc. | RICS |
| Date of publication, distribution, etc. | 2018 |
| 490 #0 - SERIES STATEMENT | |
| Series statement | RICS Research |
| 520 ## - SUMMARY, ETC. | |
| Summary, etc. | Examines the drivers, challenges, opportunities and benefits of using big data analytics (BDA) for facilities management (FM) and how to develop a methodological framework to implement BDA into FM organisations. |
| 590 ## - LOCAL NOTE (RLIN) | |
| Local note | KA |
| 650 24 - SUBJECT ADDED ENTRY--TOPICAL TERM | |
| Topical term or geographic name entry element | BIG DATA |
| 651 #4 - SUBJECT ADDED ENTRY--GEOGRAPHIC NAME | |
| Geographic name | ENGLAND AND WALES |
| 690 ## - LOCAL SUBJECT ADDED ENTRY--TOPICAL TERM (OCLC, RLIN) | |
| Topical term or geographic name as entry element | Facilities management |
| 9 (RLIN) | 6240 |
| 700 1# - ADDED ENTRY--PERSONAL NAME | |
| Personal name | Oyedele, Lukumon |
| 700 1# - ADDED ENTRY--PERSONAL NAME | |
| Personal name | Marinellli, Marina |
| 700 1# - ADDED ENTRY--PERSONAL NAME | |
| Personal name | Selimi, Gehan |
| 856 40 - ELECTRONIC LOCATION AND ACCESS | |
| Uniform Resource Identifier | <a href="https://www.rics.org/globalassets/rics-website/media/knowledge/research/research-reports/big-data-a-new-revolution-in-the-uk-fm-sector-rics.pdf">https://www.rics.org/globalassets/rics-website/media/knowledge/research/research-reports/big-data-a-new-revolution-in-the-uk-fm-sector-rics.pdf</a> |
| Public note | View the item free of charge from the www.rics.org website. |
| 942 ## - ADDED ENTRY ELEMENTS (KOHA) | |
| Suppress in OPAC | 0 |
| Withdrawn status | Lost status | Source of classification or shelving scheme | Damaged status | Not for loan | Home library | Current library | Shelving location | Date acquired | Total Checkouts | Full call number | Barcode | Date last seen | Copy number | Price effective from | Koha item type |
|---|---|---|---|---|---|---|---|---|---|---|---|---|---|---|---|
| Dewey Decimal Classification | Virtual | Virtual | Online | 24/07/2018 | ONLINE PUBLICATION | 160130-2001 | 06/08/2019 | 1 | 06/08/2019 | Book |